Normal view
MARC view
- Read, Gray
Entry Personal Name
001 - CONTROL NUMBER
- control field: 120757
003 - CONTROL NUMBER IDENTIFIER
- control field: NUST
005 - DATE AND TIME OF LATEST TRANSACTION
- control field: 20240220101854.0
008 - FIXED-LENGTH DATA ELEMENTS
- fixed length control field: 240220|| aca||aabn | a|a d
040 ## - CATALOGING SOURCE
- Original cataloging agency: NUST
- Transcribing agency: NUST
100 ## - HEADING--PERSONAL NAME
- Personal name: Read, Gray
670 ## - SOURCE DATA FOUND
- Source citation: Work cat.: (NUST): Read, Gray, author., Modern architecture in theatre :, 2014.
